Detalles MARC
| 000 -CABECERA |
| Longitud fija campo de control |
01094nam a2200301 a 4500 |
| 003 - IDENTIFICADOR DEL NUMERO DE CONTROL |
| Identificador del número de control |
CO-BoRNBP |
| 005 - FECHA Y HORA DE LA ULTIMA TRANSACCION |
| Fecha y hora de la última transacción |
20241113094947.0 |
| 007 - CAMPO FIJO DE DESCRIPCION FISICA |
| Campo fijo de descripción física |
ta |
| 008 - CODIGOS DE INFORMACION DE LONGITUD FIJA |
| Códigos de información de longitud fija |
190815s2018 ck ao gr 000 0 spa d |
| 020 ## - NUMERO INTERNACIONAL NORMALIZADO PARA LIBROS |
| Número Internacional Normalizado para Libros (ISBN) |
9789585655416 |
| 040 ## - FUENTE DE LA CATALOGACION |
| Centro catalogador de origen |
CO-BoBLA |
| Lengua de catalogación |
spa |
| Centro transcriptor |
CO-BoBLA |
| Normas de descripción |
rda |
| 043 ## - CODIGO DE AREA GEOGRAFICA |
| Código de área geográfica |
s-ck--- |
| 082 04 - NUMERO DE LA CLASIFICACION DECIMAL DEWEY |
| Número de clasificación (R) |
780.986 |
| Número del ítem |
M17c |
| 100 1# - PUNTO DE ACCESO PRINCIPAL-NOMBRE DE PERSONA |
| Nombre de persona |
Martín, Miguel Ángel, |
| Fechas asociadas al nombre |
1932-1994. |
| 245 10 - TITULO PROPIAMENTE DICHO |
| Título |
50 Torneo Internacional del Joropo / |
| Mención de responsabilidad, etc. |
sueño y obra de Fernando Muñoz León. |
| 246 30 - VARIANTES DE TITULO |
| Título propio / Título en breve |
Cincuenta Torneo Internacional del Joropo |
| 250 ## - MENCION DE EDICION |
| Mención de edición |
Primera edición |
| 300 ## - DESCRIPCION FISICA |
| Extensión |
197 páginas : |
| Otras características físicas |
ilustraciones, fotografías ; |
| Dimensiones |
23 x 30 cm + |
| Material Anexo |
2 CDS. |
| 336 ## - TIPO DE CONTENIDO |
| Fuente |
rdacontenido |
| Término de tipo de contenido |
texto |
| Código de tipo de contenido |
txt |
| 337 ## - TIPO DE MEDIO |
| Fuente |
rdamedio |
| Nombre del tipo de medio |
sin mediación |
| Código del tipo de medio |
n |
| 338 ## - TIPO DE SOPORTE |
| Fuente |
rdasoporte |
| Nombre del tipo de soporte |
volumen |
| Código del tipo de soporte |
nc |
| 610 27 - PUNTO DE ACCESO ADICIONAL DE MATERIA - NOMBRE DE ENTIDAD CORPORATIVA |
| Nombre de entidad corporativa o nombre de jurisdicción como elemento inicial |
Torneo Internacional del Joropo |
| Subdivisió,n de materia general |
Historia. |
| 650 #7 - PUNTO DE ACCESO ADICIONAL DE MATERIA - TERMINO DE MATERIA |
| Término de materia o nombre geográfico como elemento inicial |
Música folclórica llanera. |
| Fuente del encabezamiento |
BLAAUTO |
| 650 #7 - PUNTO DE ACCESO ADICIONAL DE MATERIA - TERMINO DE MATERIA |
| Término de materia o nombre geográfico como elemento inicial |
Música folclórica colombiana. |
| Fuente del encabezamiento |
BLAAUTO |
| 776 0# - ENLACE A UN FORMATO FISICO ADICIONAL |
| Información sobre la relación |
Los CDS contienen: pasajes, golpes, contrapuntos y obras instrumentales. |
| 942 ## - ENTRADA DE ELEMENTOS AGREGADOS (KOHA) |
| Fuente de clasificaión o esquema |
Dewey Decimal Classification |
| Koha [por defecto] tipo de item |
LIbro |
| 949 ## - TRATAMIENTO DE LA INFORMACION LOCAL (OCLC) |
| a |
c |
| b |
c |